<?xml version="1.0" encoding="UTF-8"?>
<record
    xmlns:xsi="http://www.w3.org/2001/XMLSchema-instance"
    xsi:schemaLocation="http://www.loc.gov/MARC21/slim http://www.loc.gov/standards/marcxml/schema/MARC21slim.xsd"
    xmlns="http://www.loc.gov/MARC21/slim">

  <leader>00950nam a2200205Ia 4500</leader>
  <controlfield tag="003">IN-BaIIA</controlfield>
  <controlfield tag="008">211028s9999    xx            000 0 eng d</controlfield>
  <datafield tag="020" ind1=" " ind2=" ">
    <subfield code="a">978-0-7354-0672-8</subfield>
  </datafield>
  <datafield tag="040" ind1=" " ind2=" ">
    <subfield code="c">IIA Library</subfield>
  </datafield>
  <datafield tag="080" ind1=" " ind2=" ">
    <subfield code="a">524.3-74(082.1)</subfield>
    <subfield code="b">FUT</subfield>
  </datafield>
  <datafield tag="111" ind1=" " ind2=" ">
    <subfield code="a">Conference inspired By the Accomplishments of the Far Ultraviolet Spectroscopic Explorer Mission</subfield>
    <subfield code="c">Annapolis</subfield>
    <subfield code="d">2008 Oct. 20-22</subfield>
    <subfield code="9">34274</subfield>
  </datafield>
  <datafield tag="245" ind1=" " ind2="0">
    <subfield code="a">Future directions in ultraviolet spectroscopy</subfield>
    <subfield code="b">proceedings of the Conference inspired by the accomplishments of the far ultraviolet spectroscopic explorer mission, held in Annapolis, Maryland, 20-22 October, 2008</subfield>
    <subfield code="c">edited by George Sonneborn..[et.al]</subfield>
  </datafield>
  <datafield tag="260" ind1=" " ind2=" ">
    <subfield code="a">Melville</subfield>
    <subfield code="b">American Institute of Physics</subfield>
    <subfield code="c">2009</subfield>
  </datafield>
  <datafield tag="300" ind1=" " ind2=" ">
    <subfield code="a">[various pagings.]</subfield>
  </datafield>
  <datafield tag="650" ind1=" " ind2=" ">
    <subfield code="a">Ultraviolet spectroscopy</subfield>
    <subfield code="9">5447</subfield>
  </datafield>
  <datafield tag="700" ind1=" " ind2=" ">
    <subfield code="a">Moos, H. Warren.,ed.</subfield>
    <subfield code="9">34275</subfield>
  </datafield>
  <datafield tag="700" ind1=" " ind2=" ">
    <subfield code="a">Sonneborn, George., ed.</subfield>
    <subfield code="9">34276</subfield>
  </datafield>
  <datafield tag="700" ind1=" " ind2=" ">
    <subfield code="a">Van Steenberg, Michael E., ed.</subfield>
    <subfield code="9">34277</subfield>
  </datafield>
  <datafield tag="942" ind1=" " ind2=" ">
    <subfield code="c">BK</subfield>
  </datafield>
  <datafield tag="999" ind1=" " ind2=" ">
    <subfield code="c">17996</subfield>
    <subfield code="d">17996</subfield>
  </datafield>
  <datafield tag="952" ind1=" " ind2=" ">
    <subfield code="0">0</subfield>
    <subfield code="1">0</subfield>
    <subfield code="4">0</subfield>
    <subfield code="7">0</subfield>
    <subfield code="a">BAN</subfield>
    <subfield code="b">BAN</subfield>
    <subfield code="c">GEN</subfield>
    <subfield code="d">2011-03-03</subfield>
    <subfield code="e">SIP   </subfield>
    <subfield code="g">2260.00</subfield>
    <subfield code="l">1</subfield>
    <subfield code="o">524.3-74(082.1)/ FUT</subfield>
    <subfield code="p">18918</subfield>
    <subfield code="r">2026-03-03</subfield>
    <subfield code="s">2024-02-15</subfield>
    <subfield code="v">2260.00</subfield>
    <subfield code="w">2011-03-03</subfield>
    <subfield code="y">BK</subfield>
    <subfield code="G">Rs. 2260.00  </subfield>
  </datafield>
</record>
